| 000 -LEADER |
| fixed length control field |
00557nam a2200193Ia 4500 |
| 001 - CONTROL NUMBER |
| control field |
22949 |
| 003 - CONTROL NUMBER IDENTIFIER |
| control field |
GE_BSU |
| 005 - DATE AND TIME OF LATEST TRANSACTION |
| control field |
20250909201014.0 |
| 008 - FIXED-LENGTH DATA ELEMENTS--GENERAL INFORMATION |
| fixed length control field |
181216s1963||||enk|||||||||||||| ||eng|| |
| 040 ## - CATALOGING SOURCE |
| Transcribing agency |
GE_BSU |
| 080 ## - UNIVERSAL DECIMAL CLASSIFICATION NUMBER |
| Universal Decimal Classification number |
81'374=111=161.1 А-64 |
| 245 ## - TITLE STATEMENT |
| Title |
Англо-русский словарь / |
| Statement of responsibility, etc. |
ред. В.Я. Есипова. |
| 264 ## - PRODUCTION, PUBLICATION, DISTRIBUTION, MANUFACTURE, AND COPYRIGHT NOTICE |
| Place of production, publication, distribution, manufacture |
Москва : |
| Name of producer, publisher, distributor, manufacturer |
?, |
| Date of production, publication, distribution, manufacture, or copyright notice |
1963. |
| 300 ## - PHYSICAL DESCRIPTION |
| Extent |
592 стр. ; |
| Dimensions |
17 см. |
| 653 ## - INDEX TERM--UNCONTROLLED |
| keyword |
Англо-русский словарь |
| 653 ## - INDEX TERM--UNCONTROLLED |
| keyword |
ლექსიკონი |
| 942 ## - ADDED ENTRY ELEMENTS (KOHA) |
| Koha item type |
წიგნი |
| Source of classification or shelving scheme |
|